Sách dạy tập viết dành cho học sinh tiểu học, tập 3

Guardado en:
Detalles Bibliográficos
Formato: Libro
Etiquetas: Agregar Etiqueta
Sin Etiquetas, Sea el primero en etiquetar este registro!
Thư viện lưu trữ: Mạng thư viện Đại học Đà Nẵng
LEADER 00439nam a22001691a 4500
001 000039598
003 15893
005 20160412022622.0
008 160412s0 000
082 |a 4N(TK)213 
245 |a Sách dạy tập viết dành cho học sinh tiểu học, tập 3 
OWN |a LNN 
999 |a From the UDN01 
TYP |a Monograph 
980 |a Mạng thư viện Đại học Đà Nẵng